La objetivización del daño moral: reparación del daño moral. Análisis crítico del daño moral. Doctrina. Jurisprudencia
Saved in:
| Main Author: | |
|---|---|
| Format: | Book |
| Language: | Spanish |
| Published: |
Santiago
El Jurista
2015
|
| Edition: | 1a. ed |
| Subjects: | |
| Tags: |
Add Tag
No Tags, Be the first to tag this record!
|
MARC
| LEADER | 00000cam a2200000 a 4500 | ||
|---|---|---|---|
| 001 | UCE7277 | ||
| 003 | CL-VaPUC | ||
| 008 | 150605e20150000cl |||||||||||||||||spa|d | ||
| 020 | |a 9789568839543 | ||
| 082 | 0 | 4 | |a 346.8303 |b SAN |2 21 |
| 100 | 0 | |a Sánchez Sims, Pablo |e author |9 579959 | |
| 245 | 1 | 3 | |a La objetivización del daño moral: reparación del daño moral. Análisis crítico del daño moral. Doctrina. Jurisprudencia |
| 250 | |a 1a. ed | ||
| 300 | |a 223 p | ||
| 942 | |c BK | ||
| 945 | |d 20150605 14:50:00 |a dcastane | ||
| 260 | |a Santiago |b El Jurista |c 2015 | ||
| 650 | 0 | |a Daño moral |9 430896 | |
| 650 | 0 | |a Delitos |9 224143 | |
| 650 | 0 | |a Jurisprudencia |9 255952 | |
| 583 | |a last modification |c 20150605 14:50:00 |k Rodrigo Vera | ||
| 999 | |c 359378 |d 359376 | ||
| 952 | |0 0 |1 0 |3 erb |4 0 |6 346_830300000000000_SAN_2015 |7 0 |8 A |9 468540 |a BIBDER |b BIBDER |i 5161614 |l 3 |o 346.8303 SAN 2015 |p 5161614 |r 2023-07-06 |s 2023-06-29 |w 2019-11-23 |y BK |z Catalogado en:20150605 |k DER | ||